[Event "XII Weekend B"]
[Site "Ceriano Laghetto ITA"]
[Date "2003.02.02"]
[Round "5"]
[White "Popovic, Dragan"]
[Black "Sala, Pierluigi"]
[Result "1-0"]
[WhiteElo "1656"]
[BlackElo "1428"]
[PlyCount "55"]
[EventDate "2003.01.25"]

1. e4 e6 2. d4 d5 3. e5 c5 4. c3 Nc6 5. Nf3 Bd7 6. dxc5 Bxc5 7. Bd3 Nge7 8. O-O
O-O 9. Bg5 Qc7 10. Re1 Ng6 11. b4 a6 12. bxc5 Ngxe5 13. Nxe5 Nxe5 14. Be7 Nxd3
15. Bxf8 Nxe1 16. Bd6 Qc6 17. Qxe1 Rc8 18. Nd2 b6 19. Nb3 bxc5 20. Bxc5 a5 21.
Bd4 Ra8 22. f4 a4 23. Qg3 g6 24. Nd2 Rb8 25. Qg5 Kf8 26. Nf3 Qd6 27. Qf6 Rb2
28. Qh8+ 1-0

[Event "XII Weekend B"]
[Site "Ceriano Laghetto ITA"]
[Date "2003.02.02"]
[Round "5"]
[White "Rampi, Franco"]
[Black "Tosetto, Flavio"]
[Result "0-1"]
[WhiteElo "1341"]
[BlackElo "1534"]
[PlyCount "50"]
[EventDate "2003.01.25"]

1. e4 e5 2. Nf3 Nc6 3. Bb5 a6 4. Ba4 Nf6 5. O-O Be7 6. Re1 b5 7. Bb3 O-O 8. c3
d5 9. exd5 Nxd5 10. Nxe5 Nxe5 11. Rxe5 c6 12. d4 Bd6 13. Re1 Qh4 14. g3 Qh3 15.
Be3 Bg4 16. Qd3 f5 17. Qf1 Qh5 18. f4 Rf6 19. Nd2 Kh8 20. Qg2 Rh6 21. Bd1 Nxe3
22. Bxg4 Nxg4 23. Re2 Nf6 24. Qxc6 Qxe2 25. Qxa8+ Ng8 0-1

[Event "XII Weekend B"]
[Site "Ceriano Laghetto ITA"]
[Date "2003.02.02"]
[Round "5"]
[White "Regorda, Massimiliano"]
[Black "Squillante, Michele"]
[Result "0-1"]
[WhiteElo "1489"]
[BlackElo "1717"]
[PlyCount "102"]
[EventDate "2003.01.25"]

1. e4 e5 2. Nf3 Nf6 3. Nxe5 d6 4. Nf3 Nxe4 5. d3 Nf6 6. Nc3 Be7 7. Be2 Nc6 8.
O-O O-O 9. Re1 Bg4 10. Be3 Re8 11. h3 Bh5 12. Nd4 Bxe2 13. Rxe2 Qd7 14. Qd2 Ne5
15. Rae1 c5 16. Nb3 Qc6 17. Bg5 h6 18. Bh4 Kf8 19. Ne4 Nxe4 20. Bxe7+ Rxe7 21.
Rxe4 Ng6 22. Rxe7 Nxe7 23. Qe3 Re8 24. Qe4 Qxe4 25. Rxe4 Nd5 26. Rxe8+ Kxe8 27.
Kf1 b6 28. Ke2 Ke7 29. a3 Ke6 30. Nd2 b5 31. g3 a6 32. Kf3 Ne7 33. Ne4 Nc6 34.
c3 Ne5+ 35. Ke2 f5 36. Nd2 d5 37. Nf3 g5 38. Nxe5 Kxe5 39. Ke3 a5 40. f4+ Kf6
41. b4 axb4 42. axb4 d4+ 43. cxd4 cxb4 44. fxg5+ hxg5 45. h4 gxh4 46. gxh4 f4+
47. Kd2 b3 48. d5 f3 49. d6 Ke6 50. d4 f2 51. d5+ Kxd6 0-1

[Event "XII Weekend B"]
[Site "Ceriano Laghetto ITA"]
[Date "2003.02.02"]
[Round "5"]
[White "Rinaldo, Luigi"]
[Black "Spreafico, Gianpiero"]
[Result "1-0"]
[WhiteElo "1479"]
[BlackElo "1500"]
[PlyCount "123"]
[EventDate "2003.01.25"]

1. d4 d5 2. c4 e5 3. Nf3 exd4 4. Qxd4 Bb4+ 5. Nc3 c5 6. Qxd5 Qxd5 7. cxd5 Nf6
8. Bd2 O-O 9. d6 Rd8 10. Nb5 Bxd2+ 11. Nxd2 Na6 12. e3 Nb4 13. Rc1 b6 14. a3
Nc6 15. Bd3 Ne5 16. Be2 Bb7 17. f3 Bc6 18. Nc7 Rab8 19. Nc4 Nxc4 20. Bxc4 Rxd6
21. e4 Rd7 22. Na6 Rbd8 23. O-O Bb7 24. Rfe1 Kf8 25. b4 Bxa6 26. Bxa6 cxb4 27.
axb4 Rd4 28. b5 Ne8 29. h3 Rd2 30. Bb7 Rb2 31. Rb1 Rdd2 32. Rxb2 Rxb2 33. Bc6
Ke7 34. Rd1 Nd6 35. Kh2 f6 36. Ra1 Nxb5 37. Bxb5 Rxb5 38. Rxa7+ Kf8 39. h4 Re5
40. Kg3 Re7 41. Ra8+ Kf7 42. Rb8 Re6 43. Kf4 g6 44. g4 h6 45. Rb7+ Ke8 46. g5
hxg5+ 47. hxg5 fxg5+ 48. Kxg5 Kd8 49. Kf4 Kc8 50. Rg7 b5 51. Rh7 b4 52. Rh1 Kd7
53. e5 Kc6 54. Ke4 Kb5 55. Kd5 Rb6 56. e6 b3 57. e7 Rb8 58. Kd6 b2 59. Rb1 Kc4
60. Rxb2 Rxb2 61. e8=Q Rd2+ 62. Kc6 1-0

[Event "XII Weekend B"]
[Site "Ceriano Laghetto ITA"]
[Date "2003.02.02"]
[Round "5"]
[White "Valsecchi, Alessio"]
[Black "De Luca, Vincenzo"]
[Result "1-0"]
[WhiteElo "1461"]
[BlackElo "1558"]
[PlyCount "69"]
[EventDate "2003.01.25"]

1. e4 e6 2. d4 d5 3. Nc3 Nf6 4. Bg5 Be7 5. e5 Nfd7 6. Bxe7 Qxe7 7. Nf3 a6 8. g3
c5 9. Ne2 Nc6 10. c3 b5 11. Bg2 f6 12. exf6 Nxf6 13. O-O cxd4 14. Nfxd4 Nxd4
15. cxd4 Qd6 16. Nf4 Kf7 17. Rc1 Re8 18. Re1 Bd7 19. Rc3 h6 20. Rce3 g5 21. Nd3
Re7 22. Ne5+ Kg8 23. Qc2 Be8 24. Bh3 h5 25. Ng6 Ne4 26. Nxe7+ Qxe7 27. f3 Bg6
28. fxe4 g4 29. Qc6 Rf8 30. Bg2 Qf6 31. exd5 Qxd4 32. Qxe6+ Kh7 33. Be4 Rf6 34.
Bxg6+ Kxg6 35. Qe4+ 1-0

[Event "XII Weekend B"]
[Site "Ceriano Laghetto ITA"]
[Date "2003.02.02"]
[Round "5"]
[White "Viale, Fabio"]
[Black "Marchesotti, Giovanni"]
[Result "1/2-1/2"]
[WhiteElo "1485"]
[BlackElo "1453"]
[PlyCount "30"]
[EventDate "2003.01.25"]

1. d4 Nf6 2. c4 e6 3. Nc3 Bb4 4. e3 b6 5. Bd3 Bb7 6. Nf3 Ne4 7. Qc2 f5 8. O-O
Bxc3 9. bxc3 O-O 10. Ba3 d6 11. Rfd1 Nd7 12. Rab1 Qf6 13. Qb3 Rfd8 14. Rbc1 c5
15. Bf1 Kh8 1/2-1/2

[Event "XII Weekend B"]
[Site "Ceriano Laghetto ITA"]
[Date "2003.02.02"]
[Round "6"]
[White "Alessandro, Sergio"]
[Black "Regorda, Massimiliano"]
[Result "0-1"]
[WhiteElo "1467"]
[BlackElo "1489"]
[PlyCount "78"]
[EventDate "2003.01.25"]

1. d4 d5 2. Nf3 e6 3. g3 Nf6 4. Bg2 Be7 5. Bg5 b6 6. O-O Bb7 7. Bxf6 Bxf6 8. c3
Nd7 9. Qa4 O-O 10. Nbd2 c5 11. Rfd1 Qc7 12. Rac1 Qc6 13. Qxc6 Bxc6 14. Re1 Rac8
15. e4 dxe4 16. Nxe4 cxd4 17. Nxf6+ Nxf6 18. Nxd4 Bxg2 19. Kxg2 Rfd8 20. Re2
Rxd4 21. cxd4 Rxc1 22. f3 h6 23. h4 Nd5 24. a3 Rc2 25. Kf2 Rxe2+ 26. Kxe2 Kf8
27. Kd3 Ke7 28. Kc4 Kd7 29. Kb5 Kc7 30. Kc4 Ne3+ 31. Kd3 Nd5 32. Kc4 Kc6 33. b3
Ne3+ 34. Kd3 Nf5 35. Kc4 Nxg3 36. a4 a5 37. b4 axb4 38. Kxb4 Nf5 39. d5+ exd5
0-1

[Event "XII Weekend B"]
[Site "Ceriano Laghetto ITA"]
[Date "2003.02.02"]
[Round "6"]
[White "Bellotto, Stefano"]
[Black "Olivo, Mario"]
[Result "1-0"]
[WhiteElo "1740"]
[BlackElo "1789"]
[PlyCount "87"]
[EventDate "2003.01.25"]

1. e4 c5 2. Nf3 d6 3. d3 Nf6 4. g3 Nc6 5. Bg2 e5 6. O-O Be7 7. Re1 h6 8. c3 Qb6
9. Nbd2 Be6 10. Nc4 Qc7 11. b3 Rd8 12. Bb2 O-O 13. Qe2 b5 14. Na3 a6 15. Nc2
Qc8 16. Rac1 Bh3 17. d4 Bxg2 18. Kxg2 Qb7 19. d5 Nb8 20. Rcd1 Nbd7 21. Bc1 Nh7
22. Ne3 g6 23. h4 Ndf6 24. Nf1 Kg7 25. N1h2 Qd7 26. Ng1 Ng8 27. Nh3 f6 28. f4
Rf7 29. Rf1 Rdf8 30. f5 Bd8 31. fxg6 Kxg6 32. Rf5 Kg7 33. Qh5 Ba5 34. Ng4 Bxc3
35. Nxh6 Re7 36. Rf3 Bd4 37. Nf5+ Kh8 38. Nxe7 Qxe7 39. Rdf1 Kg7 40. Qg4+ Kh8
41. Rf5 c4 42. Rh5 a5 43. Qf5 Kg7 44. Rxh7# 1-0

[Event "XII Weekend B"]
[Site "Ceriano Laghetto ITA"]
[Date "2003.02.02"]
[Round "6"]
[White "Cardani, Roberto"]
[Black "Valsecchi, Alessio"]
[Result "1-0"]
[WhiteElo "1788"]
[BlackElo "1461"]
[PlyCount "25"]
[EventDate "2003.01.25"]

1. e4 c5 2. c3 d6 3. d4 cxd4 4. cxd4 Nf6 5. Nc3 g6 6. h3 Bg7 7. Nf3 Nc6 8. Bc4
Qc7 9. Qe2 Nd7 10. Bxf7+ Kxf7 11. Ng5+ Ke8 12. Qc4 Bxd4 13. Qf7+ 1-0

[Event "XII Weekend B"]
[Site "Ceriano Laghetto ITA"]
[Date "2003.02.02"]
[Round "6"]
[White "Cartella, Giovanni"]
[Black "Pepa, Syrja"]
[Result "1/2-1/2"]
[WhiteElo "1728"]
[BlackElo "1729"]
[PlyCount "99"]
[EventDate "2003.01.25"]

1. d4 Nf6 2. Nf3 d5 3. Bg5 e6 4. e3 Be7 5. Bd3 Nbd7 6. Nbd2 h6 7. Bf4 c5 8. c3
O-O 9. Ne5 Nxe5 10. dxe5 Nd7 11. Nf3 b6 12. h4 f5 13. g4 c4 14. Bb1 Nc5 15. g5
Kh7 16. Nd4 Qe8 17. Rg1 g6 18. h5 Rg8 19. hxg6+ Qxg6 20. Rh1 Bxg5 21. Rg1 Kg7
22. Nf3 Kf7 23. Nh4 Qg7 24. Qh5+ Ke7 25. Nf3 Qf7 26. Qxf7+ Kxf7 27. Bxg5 hxg5
28. Rxg5 Bd7 29. Bc2 Ne4 30. Rxg8 Rxg8 31. Ke2 Nc5 32. a4 a5 33. Nd4 Rh8 34.
Nb5 Bxb5 35. axb5 Rh7 36. Kf3 Ne4 37. Bxe4 fxe4+ 38. Kg3 Rh5 39. Kf4 Rf5+ 40.
Kg3 Rxe5 41. Rh1 Kg7 42. Rh4 Rg5+ 43. Kf4 Rf5+ 44. Kg3 e5 45. Kg2 Rg5+ 46. Kf1
Rg6 47. Rh5 Kf6 48. Rh8 Ke7 49. Rb8 Kd7 50. Rb7+ {...} 1/2-1/2

[Event "XII Weekend B"]
[Site "Ceriano Laghetto ITA"]
[Date "2003.02.02"]
[Round "6"]
[White "Conta, Diego"]
[Black "Brioschi, Camillo"]
[Result "1-0"]
[WhiteElo "1474"]
[BlackElo "1714"]
[PlyCount "41"]
[EventDate "2003.01.25"]

1. d4 d5 2. c4 e6 3. Nf3 Nf6 4. Bg5 Be7 5. Nc3 O-O 6. Qc2 c5 7. cxd5 exd5 8.
dxc5 Qa5 9. e3 Qxc5 10. Bd3 h6 11. Bh4 Nc6 12. Nb5 Qb4+ 13. Kf1 Bg4 14. a3 Qa5
15. Nfd4 Nxd4 16. Nxd4 Rac8 17. Qb3 Qd2 18. f3 Ne4 19. Be1 Qxe3 20. Ne2 Nc5 21.
Bh7+ 1-0

[Event "XII Weekend B"]
[Site "Ceriano Laghetto ITA"]
[Date "2003.02.02"]
[Round "6"]
[White "D'Apa, Matteo"]
[Black "Noseda, Francesco"]
[Result "0-1"]
[WhiteElo "1666"]
[BlackElo "1786"]
[PlyCount "38"]
[EventDate "2003.01.25"]

1. d4 d5 2. c4 dxc4 3. Nc3 Nf6 4. e3 e6 5. Bxc4 Be7 6. Nf3 O-O 7. O-O Nbd7 8.
e4 Nb6 9. Bb3 c5 10. Bg5 cxd4 11. Nxd4 Bd7 12. f4 Rc8 13. Bc2 Nc4 14. Rf3 Ng4
15. Bxe7 Qxe7 16. Qe1 Qc5 17. Rd1 Nxb2 18. Rd2 Nc4 19. Rd1 Nce3 0-1

[Event "XII Weekend B"]
[Site "Ceriano Laghetto ITA"]
[Date "2003.02.02"]
[Round "6"]
[White "De Luca, Vincenzo"]
[Black "Mason, Giovanni"]
[Result "1-0"]
[WhiteElo "1558"]
[BlackElo "1561"]
[PlyCount "104"]
[EventDate "2003.01.25"]

1. f4 Nf6 2. d4 e6 3. Nf3 c5 4. e3 Nc6 5. c3 cxd4 6. exd4 Be7 7. Bd3 b6 8. O-O
Bb7 9. Nbd2 Nd5 10. Ne4 Qc7 11. Ne5 d6 12. Nxc6 Bxc6 13. f5 O-O-O 14. fxe6 fxe6
15. Rf7 Nf6 16. Nxf6 gxf6 17. Rg7 Rdg8 18. Qg4 Rxg7 19. Qxg7 Qd8 20. Bxh7 f5
21. Qf7 Bd7 22. d5 Qe8 23. Bg6 Qxf7 24. Bxf7 e5 25. Bd2 f4 26. Re1 Rh7 27. Bg6
Rg7 28. Be4 Bh4 29. Rf1 Bb5 30. Rf3 Bd7 31. c4 Bg4 32. Rc3 Bd8 33. Kf2 Bh4+ 34.
g3 fxg3+ 35. hxg3 Rf7+ 36. Kg2 Be7 37. Rc1 Kb8 38. Rf1 Rg7 39. Rh1 Rf7 40. Rh7
Rxh7 41. Bxh7 Bf6 42. b3 Kb7 43. Kf2 a6 44. Ke3 b5 45. cxb5 Bg5+ 46. Kd3 Bxd2
47. Kxd2 axb5 48. Kc3 Kb6 49. Kb4 Bd7 50. Be4 Bg4 51. a4 bxa4 52. bxa4 Bd7 1-0

[Event "XII Weekend B"]
[Site "Ceriano Laghetto ITA"]
[Date "2003.02.02"]
[Round "6"]
[White "Della Rocca, Luigi"]
[Black "Popovic, Dragan"]
[Result "1-0"]
[WhiteElo "1687"]
[BlackElo "1656"]
[PlyCount "39"]
[EventDate "2003.01.25"]

1. e4 e5 2. Nc3 Bc5 3. Bc4 Nf6 4. Nf3 d6 5. h3 a6 6. a4 Nc6 7. d3 Bb4 8. O-O
O-O 9. Ne2 d5 10. exd5 Nxd5 11. Ng3 Nb6 12. Bb3 Kh8 13. c3 Bd6 14. Ng5 Qf6 15.
Qh5 h6 16. Nxf7+ Kh7 17. Ne4 Qf5 18. Neg5+ Qxg5 19. Nxg5+ Kh8 20. Qg6 1-0

[Event "XII Weekend B"]
[Site "Ceriano Laghetto ITA"]
[Date "2003.02.02"]
[Round "6"]
[White "Donadi, Luca"]
[Black "Corti, Filippo"]
[Result "0-1"]
[WhiteElo "1657"]
[BlackElo "1552"]
[PlyCount "61"]
[EventDate "2003.01.25"]

1. e4 c6 2. d4 d5 3. e5 Bf5 4. Bd3 Bxd3 5. Qxd3 e6 6. Nf3 Nd7 7. O-O Ne7 8. Bg5
Qb6 9. b3 c5 10. c3 Nc6 11. Nbd2 cxd4 12. cxd4 Bb4 13. Rfc1 Ba3 14. Rd1 Bb2 15.
Rab1 Bxd4 16. Nxd4 Qxd4 17. Qxd4 Nxd4 18. f4 Ne2+ 19. Kf2 Nc3 20. Nf3 Nxb1 21.
Rxb1 O-O 22. Nd4 Nc5 23. Be7 Ne4+ 24. Ke3 Rfc8 25. Bb4 a5 26. Be1 a4 27. bxa4
Rxa4 28. Rxb7 g6 29. Rb2 Rca8 30. Bb4 Rxa2 31. Rxa2 0-1

[Event "XII Weekend B"]
[Site "Ceriano Laghetto ITA"]
[Date "2003.02.02"]
[Round "6"]
[White "Longo, Giovanni"]
[Black "Abbura', Davide"]
[Result "1/2-1/2"]
[WhiteElo "1645"]
[BlackElo "1564"]
[PlyCount "46"]
[EventDate "2003.01.25"]

1. e4 e6 2. d4 d5 3. exd5 exd5 4. Bd3 Bd6 5. Nf3 Bg4 6. O-O Ne7 7. Bg5 f6 8.
Bh4 c6 9. c3 Qc7 10. Bg3 Bxg3 11. fxg3 O-O 12. Qc2 Bxf3 13. Bxh7+ Kh8 14. Rxf3
Nd7 15. Nd2 c5 16. dxc5 Qxc5+ 17. Kh1 Ne5 18. Rf4 g6 19. Rh4 Kg7 20. Nb3 Qe3
21. Nd4 Rh8 22. Ne6+ Kf7 23. Nd4 Kg7 1/2-1/2

[Event "XII Weekend B"]
[Site "Ceriano Laghetto ITA"]
[Date "2003.02.02"]
[Round "6"]
[White "Macchinizzi, Elio"]
[Black "Greco, Umberto"]
[Result "1-0"]
[WhiteElo "1677"]
[BlackElo "1536"]
[PlyCount "73"]
[EventDate "2003.01.25"]

1. c4 c5 2. Nc3 Nc6 3. g3 Nf6 4. Bg2 g6 5. Nf3 Bg7 6. O-O O-O 7. d3 d6 8. a3 a6
9. Rb1 Rb8 10. b4 cxb4 11. axb4 b5 12. cxb5 axb5 13. Re1 Re8 14. h3 Bd7 15. d4
Qc8 16. Kh2 Nxb4 17. Qb3 Na6 18. Ng5 Qc4 19. Qxc4 bxc4 20. Ra1 Nb4 21. Ra7 Nc6
22. Rxd7 Nxd7 23. Bxc6 Red8 24. Be3 Nf6 25. Nd5 e6 26. Nxf6+ Bxf6 27. d5 e5 28.
Ne4 Bg7 29. Bg5 f6 30. Nxf6+ Bxf6 31. Bxf6 Rf8 32. Be7 Rxf2+ 33. Kg1 Rf7 34.
Bxd6 Rb3 35. Bxe5 Re7 36. Bf4 g5 37. d6 1-0

[Event "XII Weekend B"]
[Site "Ceriano Laghetto ITA"]
[Date "2003.02.02"]
[Round "6"]
[White "Marchesotti, Giovanni"]
[Black "Pedetti, Roberto"]
[Result "0-1"]
[WhiteElo "1453"]
[BlackElo "1600"]
[PlyCount "108"]
[EventDate "2003.01.25"]

1. b3 e5 2. Bb2 Nc6 3. c4 Bc5 4. e3 Nge7 5. Nf3 f6 6. a3 a5 7. d4 exd4 8. exd4
Ba7 9. d5 Ne5 10. Nxe5 fxe5 11. Bxe5 O-O 12. Bd4 Bxd4 13. Qxd4 Nf5 14. Qb2 Re8+
15. Kd1 Qg5 16. Nd2 Nh4 17. Kc2 d6 18. Bd3 Bf5 19. Qc3 Re2 20. Rhf1 Nxg2 21.
Rfd1 Rf8 22. Bxf5 Qxf5+ 23. Kc1 b6 24. Qg3 Rxf2 25. Rg1 Qg6 26. Qxg6 hxg6 27.
Ne4 Re2 28. Nc3 Re3 29. Rxg2 Rxc3+ 30. Kb2 Rff3 31. Rag1 Rxb3+ 32. Kc2 Rxa3 33.
Rxg6 Rf2+ 34. Kb1 Rb3+ 35. Ka1 Rf7 36. Ka2 Rh3 37. R1g2 Kh7 38. Kb2 Rhf3 39.
R6g4 Rf2+ 40. Ka3 Rxg2 41. Rxg2 Kh6 42. Ka4 g5 43. Re2 Kg6 44. Rg2 Rf5 45. Re2
Re5 46. Rf2 Kg7 47. Rg2 Kf7 48. Rf2+ Ke7 49. Kb5 c6+ 50. Kxb6 cxd5 51. cxd5
Rxd5 52. Ra2 Ke6 53. Re2+ Re5 54. Rc2 a4 0-1

[Event "XII Weekend B"]
[Site "Ceriano Laghetto ITA"]
[Date "2003.02.02"]
[Round "6"]
[White "Molteni, Costantino"]
[Black "Bertamini, Alberto"]
[Result "1-0"]
[WhiteElo "1573"]
[BlackElo "1444"]
[PlyCount "67"]
[EventDate "2003.01.25"]

1. Nf3 d5 2. c4 e6 3. g3 Nf6 4. Bg2 Nc6 5. d4 dxc4 6. O-O Bd7 7. Nc3 Nd5 8. e4
Nxc3 9. bxc3 Be7 10. Qe2 Na5 11. Ne5 b5 12. Rb1 Rb8 13. Bf4 Nc6 14. Nxd7 Qxd7
15. d5 exd5 16. exd5 Nd8 17. Rfe1 Kf8 18. Bh3 f5 19. Bxf5 Qxf5 20. Qxe7+ Kg8
21. Qe8+ Qf8 22. Bxc7 Rc8 23. d6 h5 24. Qxb5 Qf7 25. Re7 Qg6 26. Qxc4+ Kh7 27.
Qe4 Nf7 28. Re1 Rhf8 29. Qxg6+ Kxg6 30. f4 Nd8 31. Bxd8 Rfxd8 32. R7e6+ Kf5 33.
R1e5+ Kg4 34. Kg2 1-0

[Event "XII Weekend B"]
[Site "Ceriano Laghetto ITA"]
[Date "2003.02.02"]
[Round "6"]
[White "Perotti, Davide"]
[Black "Pino, Nicola"]
[Result "1/2-1/2"]
[WhiteElo "1719"]
[BlackElo "1705"]
[PlyCount "65"]
[EventDate "2003.01.25"]

1. Nf3 d5 2. c4 c6 3. b3 Nf6 4. Bb2 Bf5 5. g3 e6 6. Bg2 Bd6 7. O-O O-O 8. Nc3
e5 9. cxd5 cxd5 10. Nb5 Nc6 11. Nxd6 Qxd6 12. d3 Rfe8 13. Nd2 Qd7 14. e4 Bh3
15. Qe2 Bxg2 16. Kxg2 Rad8 17. Rfd1 Nd4 18. Bxd4 exd4 19. e5 Ng4 20. Nf3 f6 21.
Nxd4 Rxe5 22. Qd2 Rh5 23. Rh1 Ne5 24. h3 Nc6 25. g4 Re5 26. Nxc6 bxc6 27. d4
Re6 28. Rhe1 Rde8 29. f3 Qe7 30. Kf1 Qd6 31. Qg2 Qf4 32. Rxe6 Rxe6 33. Re1
1/2-1/2

[Event "XII Weekend B"]
[Site "Ceriano Laghetto ITA"]
[Date "2003.02.02"]
[Round "6"]
[White "Petetta, Roberto"]
[Black "Viale, Fabio"]
[Result "1-0"]
[WhiteElo "1603"]
[BlackElo "1485"]
[PlyCount "73"]
[EventDate "2003.01.25"]

1. e4 e5 2. f4 Bc5 3. Nf3 d6 4. c3 Bg4 5. Be2 Bxf3 6. Bxf3 Qh4+ 7. g3 Qe7 8. d4
exd4 9. cxd4 Bb4+ 10. Bd2 Bxd2+ 11. Nxd2 Nc6 12. Qa4 Qd7 13. Nb3 Nge7 14. O-O
O-O 15. Rac1 Rfd8 16. d5 Nb8 17. Qb4 c5 18. dxc6 Nbxc6 19. Qd2 Rac8 20. Rfd1
Qe6 21. Kg2 b6 22. Qe3 Nb4 23. a3 Nf5 24. Qd2 Rc2 25. Rxc2 Nxc2 26. exf5 Qxb3
27. Rc1 Ne3+ 28. Kf2 Nxf5 29. Bd5 Qa4 30. Rc7 Nh6 31. h3 Kf8 32. g4 Rd7 33. Rc1
Ke7 34. Qe3+ Kf6 35. g5+ Kf5 36. Qd3+ Kxf4 37. Rc4+ 1-0

[Event "XII Weekend B"]
[Site "Ceriano Laghetto ITA"]
[Date "2003.02.02"]
[Round "6"]
[White "Romano', Fabio"]
[Black "Piazza, Angelo"]
[Result "1/2-1/2"]
[WhiteElo "1792"]
[BlackElo "1701"]
[PlyCount "85"]
[EventDate "2003.01.25"]

1. e4 Nf6 2. Nc3 d5 3. exd5 Nxd5 4. Bc4 Nxc3 5. Qf3 e6 6. Qxc3 Nc6 7. Nf3 Bd7
8. a3 Qf6 9. Qxf6 gxf6 10. d4 Ne7 11. Be3 Bc6 12. Be2 Nf5 13. Rg1 O-O-O 14. c3
Bd6 15. g3 h5 16. Nd2 h4 17. Nc4 hxg3 18. hxg3 Nxe3 19. Nxe3 f5 20. Nc4 Rh2 21.
Nxd6+ cxd6 22. Rd1 Rdh8 23. c4 Rh1 24. Kd2 Rxg1 25. Rxg1 Rh2 26. Ke3 Kd7 27. b4
a6 28. b5 axb5 29. cxb5 Bd5 30. Rc1 Rh8 31. b6 Bc6 32. Rc3 Ra8 33. Bd3 Rc8 34.
Bc2 Bb5 35. Rxc8 Kxc8 36. Kd2 Kd7 37. a4 Bc6 38. Kc3 Bd5 39. Kb4 Be4 40. Bd1
Bd3 41. Bf3 Ba6 42. g4 f6 43. Bd1 1/2-1/2

[Event "XII Weekend B"]
[Site "Ceriano Laghetto ITA"]
[Date "2003.02.02"]
[Round "6"]
[White "Ronconi, Fausto"]
[Black "Bernasconi, Roberto"]
[Result "1/2-1/2"]
[WhiteElo "1600"]
[BlackElo "1753"]
[PlyCount "71"]
[EventDate "2003.01.25"]

1. d4 Nf6 2. c4 g6 3. Nf3 Bg7 4. g3 d6 5. Bg2 O-O 6. O-O c5 7. Nc3 Nbd7 8. Rb1
Nb6 9. b3 Bf5 10. Rb2 Qc8 11. Re1 Bh3 12. Rd2 Bxg2 13. Kxg2 a6 14. Bb2 Qc7 15.
e4 cxd4 16. Nxd4 Nfd7 17. Nd5 Nxd5 18. exd5 Rfe8 19. f4 Nf8 20. Qg4 Qc8 21.
Qxc8 Raxc8 22. Nf3 h5 23. Bxg7 Kxg7 24. Nd4 e6 25. dxe6 fxe6 26. Nf3 d5 27.
cxd5 exd5 28. Rxe8 Rxe8 29. Kf2 Rd8 30. Ke3 Kf6 31. Ng5 Ne6 32. Nxe6 Kxe6 33.
Kd4 Kf5 34. h3 h4 35. Rd3 hxg3 36. Rxg3 1/2-1/2

[Event "XII Weekend B"]
[Site "Ceriano Laghetto ITA"]
[Date "2003.02.02"]
[Round "6"]
[White "Saccani, Ettore"]
[Black "Loi, Alberto"]
[Result "0-1"]
[WhiteElo "1672"]
[BlackElo "1480"]
[PlyCount "60"]
[EventDate "2003.01.25"]

1. e4 g6 2. d4 Bg7 3. Nf3 c5 4. c3 b6 5. Be3 d6 6. Bc4 Nf6 7. Nbd2 Bb7 8. Bb5+
Nbd7 9. d5 O-O 10. O-O a6 11. Bxd7 Qxd7 12. Qc2 b5 13. Rad1 e6 14. dxe6 Qxe6
15. Bf4 Rad8 16. Rfe1 Rfe8 17. e5 dxe5 18. Bxe5 Bxf3 19. Nxf3 Rxd1 20. Qxd1
Qxa2 21. Qd6 Qe6 22. Qxc5 Ng4 23. Nd4 Qf6 24. f4 Qxf4 25. Nf3 Bxe5 26. h3 Bd4+
27. Qxd4 Rxe1+ 28. Nxe1 Qe3+ 29. Qxe3 Nxe3 30. Kf2 Nd1+ 0-1

[Event "XII Weekend B"]
[Site "Ceriano Laghetto ITA"]
[Date "2003.02.02"]
[Round "6"]
[White "Sala, Pierluigi"]
[Black "Negri, Sergio"]
[Result "0-1"]
[WhiteElo "1428"]
[BlackElo "1531"]
[PlyCount "72"]
[EventDate "2003.01.25"]

1. d4 Nf6 2. Nf3 g6 3. g3 Bg7 4. Bg2 O-O 5. O-O d6 6. Re1 c6 7. e4 e5 8. c3
exd4 9. cxd4 Be6 10. Nc3 d5 11. Bg5 dxe4 12. Rxe4 Qa5 13. Re5 Nd5 14. Re1 Nxc3
15. bxc3 Qxc3 16. Bd2 Qa3 17. Be3 Bd5 18. Qd2 Nd7 19. Rab1 b6 20. Rb2 Rfe8 21.
Qc2 Bxf3 22. Bxf3 Bxd4 23. Bxc6 Rac8 24. Rb3 Qd6 25. Qd3 Rxc6 26. Qe2 Bxe3 27.
Rxe3 Rxe3 28. fxe3 Qc5 29. Rd1 Rd6 30. Rf1 Re6 31. Rd1 Nf6 32. Kf2 Rd6 33. Rf1
Rd2 34. Qxd2 Ne4+ 35. Ke2 Nxd2 36. Kxd2 Qd5+ 0-1

[Event "XII Weekend B"]
[Site "Ceriano Laghetto ITA"]
[Date "2003.02.02"]
[Round "6"]
[White "Schingaro, Angelo"]
[Black "Casartelli, Fabio"]
[Result "0-1"]
[WhiteElo "1645"]
[BlackElo "1624"]
[PlyCount "54"]
[EventDate "2003.01.25"]

1. c4 Nf6 2. Nc3 g6 3. g3 Bg7 4. Bg2 c5 5. Nf3 Nc6 6. O-O O-O 7. d4 cxd4 8.
Nxd4 Qb6 9. Nxc6 dxc6 10. b3 Rd8 11. Qc2 Bf5 12. e4 Nxe4 13. Bxe4 Bxe4 14. Qxe4
Bxc3 15. Be3 Qc7 16. Rac1 Qe5 17. Qf3 Bd2 18. Rc2 Bxe3 19. fxe3 f5 20. g4 e6
21. gxf5 exf5 22. Rg2 Rd3 23. Qh3 Rf8 24. Rg3 Rd2 25. Rf4 Qa1+ 26. Rf1 Qxa2 27.
Rxf5 Rd1+ 0-1

[Event "XII Weekend B"]
[Site "Ceriano Laghetto ITA"]
[Date "2003.02.02"]
[Round "6"]
[White "Spreafico, Gianpiero"]
[Black "Rampi, Franco"]
[Result "1-0"]
[WhiteElo "1500"]
[BlackElo "1341"]
[PlyCount "67"]
[EventDate "2003.01.25"]

1. d4 Nf6 2. c4 g6 3. f3 Bg7 4. e4 d6 5. Nc3 O-O 6. Be3 e5 7. d5 Nh5 8. Qd2 f5
9. exf5 gxf5 10. Bh6 Qh4+ 11. Kd1 Qf6 12. Bxg7 Qxg7 13. Nh3 Nf6 14. Nf2 Bd7 15.
h4 h5 16. Qg5 Na6 17. Rh3 Rf7 18. Rg3 Raf8 19. Bd3 Nh7 20. Qxg7+ Rxg7 21. Rxg7+
Kxg7 22. Kd2 Nc5 23. Re1 Nxd3 24. Nxd3 a6 25. a4 c6 26. c5 Rf6 27. dxc6 bxc6
28. cxd6 Rxd6 29. Rxe5 Kf6 30. f4 Nf8 31. Ke3 Ng6 32. Ra5 Nxh4 33. g3 Bc8 34.
gxh4 1-0

[Event "XII Weekend B"]
[Site "Ceriano Laghetto ITA"]
[Date "2003.02.02"]
[Round "6"]
[White "Squillante, Michele"]
[Black "Ferraris, Fulvio"]
[Result "0-1"]
[WhiteElo "1717"]
[BlackElo "1657"]
[PlyCount "98"]
[EventDate "2003.01.25"]

1. d4 e6 2. Nf3 d5 3. Bg5 f6 4. Bf4 c5 5. c3 Nc6 6. e3 Qb6 7. Qb3 Qxb3 8. axb3
cxd4 9. exd4 g5 10. Be3 h5 11. Bd3 Bd6 12. h3 Nge7 13. Na3 Bxa3 14. bxa3 Kf7
15. b4 Bd7 16. Rc1 g4 17. Nd2 e5 18. dxe5 Nxe5 19. Be2 gxh3 20. gxh3 Nf5 21.
Nf3 Nxe3 22. fxe3 Nc4 23. Bxc4 dxc4 24. Kf2 a5 25. Rcd1 Bc6 26. Nd4 Bxh1 27.
Rxh1 axb4 28. axb4 Ra2+ 29. Kf3 Rg8 30. Nb5 Ke7 31. Rd1 Rd8 32. Nd4 Kf7 33. Re1
Rd5 34. e4 Re5 35. Nf5 Rd2 36. Re3 b6 37. Nd4 Rg5 38. Re2 Rd3+ 39. Kf4 Rxh3 40.
Nf3 Rg4+ 41. Ke3 Rgg3 42. Rf2 Ke7 43. Kf4 Rg8 44. Rc2 Rh1 45. Nd4 Rf1+ 46. Ke3
Rg3+ 47. Ke2 Rgg1 48. Nf5+ Rxf5 49. exf5 Rg2+ 0-1

[Event "XII Weekend B"]
[Site "Ceriano Laghetto ITA"]
[Date "2003.02.02"]
[Round "6"]
[White "Tosetto, Flavio"]
[Black "Lampl, Gerald"]
[Result "1-0"]
[WhiteElo "1534"]
[BlackElo "1455"]
[PlyCount "109"]
[EventDate "2003.01.25"]

1. e4 b6 2. d4 Bb7 3. Bd3 g6 4. Nf3 Bg7 5. O-O Nf6 6. Re1 O-O 7. Nc3 d6 8. h3
Nbd7 9. Be3 c5 10. Qd2 cxd4 11. Nxd4 Nc5 12. Bh6 Nfd7 13. Bxg7 Kxg7 14. Nf3
Nxd3 15. Qxd3 Nc5 16. Qe3 Qd7 17. Rad1 Rac8 18. e5 Qc6 19. Nd5 Qd7 20. exd6
Bxd5 21. Qe5+ Kg8 22. dxe7 Rfe8 23. Rxd5 Qb5 24. a3 Qa4 25. Rd8 Ne6 26. Rxc8
Rxc8 27. Ng5 Nxg5 28. e8=Q+ Rxe8 29. Qxe8+ Qxe8 30. Rxe8+ Kg7 31. Re7 Ne6 32.
Rxa7 Kf6 33. g3 h5 34. c3 Ng5 35. Kg2 Ke6 36. Ra6 f6 37. Rxb6+ Kf5 38. Rb5+ Ke6
39. a4 Ne4 40. a5 Nd6 41. Rb6 Kd7 42. Rxd6+ Kxd6 43. b4 Kc6 44. Kf3 Kb7 45. Ke4
Kc6 46. c4 Kc7 47. Kd5 Kd7 48. a6 Kc7 49. Ke6 Kb6 50. b5 Kc7 51. Kxf6 g5 52.
Kxg5 h4 53. gxh4 Kb6 54. h5 Kc7 55. h6 1-0